[Event "Benidorm - Aficionados sub-2000 2014"]
[Site "Benidorm ESP"]
[Date "2014.11.28"]
[Round "1.68"]
[White "Elnaami, Hashem A.K"]
[Black "Steinschuld, Jo"]
[Result "1-0"]
[WhiteElo "1880"]
[BlackElo "1595"]
[PlyCount "34"]
[EventDate "2014.11.28"]
[EventType "swiss"]
[EventRounds "10"]
[EventCountry "ESP"]
[SourceTitle "Ajedrez en Madrid"]
[Source "lmi"]
[SourceDate "2014.11.28"]

1. d4 d5 2. Nf3 Nf6 3. Bf4 Nc6 4. e3 e6 5. Be2 Be7 6. O-O O-O 7. c4 dxc4 8.
Bxc4 Nd5 9. Bg3 Bd6 10. Bh4 Be7 11. Bg3 Bd6 12. Bxd6 cxd6 13. Nbd2 Nf6 14. Bb3
a6 15. Nc4 e5 16. d5 Ne7 17. Bc2 Nf5 1-0

[Event "Benidorm - Aficionados sub-2000 2014"]
[Site "Benidorm ESP"]
[Date "2014.11.29"]
[Round "2.1"]
[White "Sancho Castiello, Federico"]
[Black "Pfau, Michael"]
[Result "1-0"]
[WhiteElo "1817"]
[BlackElo "1998"]
[PlyCount "95"]
[EventDate "2014.11.28"]
[EventType "swiss"]
[EventRounds "10"]
[EventCountry "ESP"]
[SourceTitle "Ajedrez en Madrid"]
[Source "lmi"]
[SourceDate "2014.11.28"]

1. e4 e5 2. Nf3 Nc6 3. Bb5 Nd4 4. Nxd4 exd4 5. O-O Qh4 6. d3 Bc5 7. Nd2 Ne7 8.
c3 a6 9. Ba4 b5 10. Bc2 Nc6 11. Nf3 Qh5 12. b4 Bb6 13. Bb2 O-O 14. Nxd4 Qxd1
15. Rfxd1 Bxd4 16. cxd4 Nxb4 17. Bb3 a5 18. Ba3 Rd8 19. Bxb4 axb4 20. Rac1 c6
21. d5 Bb7 22. d6 Re8 23. Rc5 g6 24. f4 Kg7 25. g4 f6 26. Kf2 Rf8 27. Ke3 Rae8
28. Rg1 h6 29. h4 Kh7 30. d4 Kg7 31. f5 g5 32. h5 Ra8 33. e5 Rfd8 34. Re1 Rab8
35. Kd2 Re8 36. exf6+ Kxf6 37. Rce5 Rxe5 38. dxe5+ Kg7 39. e6 c5 40. exd7 Bc6
41. Re7+ Kf6 42. Bf7 Rd8 43. Be6 c4 44. Re8 Rxd7 45. Bxd7 Bxd7 46. Re7 Bc6 47.
Rh7 c3+ 48. Kc1 1-0

[Event "Benidorm - Aficionados sub-2000 2014"]
[Site "Benidorm ESP"]
[Date "2014.11.29"]
[Round "2.2"]
[White "Martin Ferrer, Silverio"]
[Black "Cluyts, Marc"]
[Result "1/2-1/2"]
[WhiteElo "1813"]
[BlackElo "1996"]
[PlyCount "92"]
[EventDate "2014.11.28"]
[EventType "swiss"]
[EventRounds "10"]
[EventCountry "ESP"]
[SourceTitle "Ajedrez en Madrid"]
[Source "lmi"]
[SourceDate "2014.11.28"]

1. c4 e5 2. g3 Nf6 3. Bg2 h6 4. Nc3 Bb4 5. Nd5 Nxd5 6. cxd5 c6 7. a3 Bc5 8. e3
O-O 9. Ne2 cxd5 10. Bxd5 Nc6 11. Nc3 Ne7 12. Bg2 d5 13. d4 exd4 14. exd4 Bb6
15. O-O a6 16. Be3 Be6 17. Qb3 Nf5 18. Rad1 Re8 19. Bxd5 Ba7 20. Bxe6 Rxe6 21.
Qxb7 Rb6 22. Qf3 Nd6 23. b4 Nc4 24. Ne4 Nxa3 25. d5 Rxb4 26. Bxa7 Rxa7 27. Qxa3
Rxe4 28. Qc5 Rd7 29. Qc6 Rd6 30. Qb7 Re7 31. Qb3 Re5 32. Rfe1 Rexd5 33. Rxd5
Rxd5 34. Ra1 a5 35. Qa4 Re5 36. Rd1 Rd5 37. Re1 Qd7 38. Re8+ Kh7 39. Qe4+ f5
40. Qe6 Qxe6 41. Rxe6 Kg8 42. Ra6 Kf7 43. h4 Rb5 44. Kg2 Ke7 45. Ra7+ Kf6 46.
Ra6+ Kf7 1/2-1/2

[Event "Benidorm - Aficionados sub-2000 2014"]
[Site "Benidorm ESP"]
[Date "2014.11.29"]
[Round "2.3"]
[White "Vila Cairo, Gerard"]
[Black "Rico Sanchez, Julio"]
[Result "1-0"]
[WhiteElo "1995"]
[BlackElo "1819"]
[PlyCount "113"]
[EventDate "2014.11.28"]
[EventType "swiss"]
[EventRounds "10"]
[EventCountry "ESP"]
[SourceTitle "Ajedrez en Madrid"]
[Source "lmi"]
[SourceDate "2014.11.28"]

1. Nf3 d5 2. b3 Nf6 3. Bb2 c5 4. e3 Nc6 5. d4 cxd4 6. exd4 e6 7. a3 Bd6 8. Bd3
Bd7 9. O-O O-O 10. Nbd2 Rc8 11. Ne5 Ne7 12. f4 Nf5 13. Qe2 Qb6 14. c3 Bc6 15.
b4 a6 16. g4 Ne7 17. a4 Ng6 18. Kh1 Qc7 19. b5 axb5 20. axb5 Bd7 21. g5 Ne8 22.
Rf3 f5 23. gxf6 Nxf6 24. Bxg6 hxg6 25. Nxg6 Kf7 26. Nxf8 Rxf8 27. Ba3 Ra8 28.
c4 Bxf4 29. Raf1 g5 30. cxd5 Rh8 31. dxe6+ Bxe6 32. h3 Bxh3 33. Kg1 Bxf1 34.
Nxf1 Qd7 35. Rd3 Rh4 36. Kf2 Ng4+ 37. Ke1 Nh2 38. d5 Rh6 39. d6 Re6 40. Ne3 Ng4
41. Bc1 Nxe3 42. Bxe3 Bxd6 43. Qh5+ Rg6 44. Qh7+ Rg7 45. Qh5+ Kg8 46. b6 Qe7
47. Qg4 Rg6 48. Kd1 Qf6 49. Qc8+ Kg7 50. Bd4 Be5 51. Qd7+ Kg8 52. Qe8+ Qf8 53.
Qxe5 Qf1+ 54. Kc2 Qg2+ 55. Kb3 Qf1 56. Qh8+ Kf7 57. Qh7+ 1-0

[Event "Benidorm - Aficionados sub-2000 2014"]
[Site "Benidorm ESP"]
[Date "2014.11.29"]
[Round "2.4"]
[White "Gambini, Stephane"]
[Black "Garcia Sanchez, Jose Manuel"]
[Result "1-0"]
[WhiteElo "1993"]
[BlackElo "1814"]
[PlyCount "57"]
[EventDate "2014.11.28"]
[EventType "swiss"]
[EventRounds "10"]
[EventCountry "ESP"]
[SourceTitle "Ajedrez en Madrid"]
[Source "lmi"]
[SourceDate "2014.11.28"]

1. e4 e5 2. Nf3 d5 3. Nxe5 Bd6 4. d4 dxe4 5. Nc4 Nf6 6. Nxd6+ cxd6 7. Nc3 O-O
8. Be2 d5 9. O-O Be6 10. Bg5 h6 11. Bh4 Nbd7 12. f4 exf3 13. Rxf3 Qb6 14. Rb1
Rae8 15. h3 a6 16. Rf1 Qd6 17. Qd2 Ne4 18. Nxe4 dxe4 19. c4 e3 20. Qc3 Bxh3 21.
gxh3 Re4 22. Qe1 Qxd4 23. Rd1 Qxb2 24. Rxd7 Rxh4 25. Qxh4 Qxe2 26. Qf4 g5 27.
Qg4 Qxa2 28. h4 f5 29. Qd4 1-0

[Event "Benidorm - Aficionados sub-2000 2014"]
[Site "Benidorm ESP"]
[Date "2014.11.29"]
[Round "2.5"]
[White "Corral Aragon, Juan Maria"]
[Black "Vallbona Domingo, Joan"]
[Result "0-1"]
[WhiteElo "1812"]
[BlackElo "1992"]
[PlyCount "92"]
[EventDate "2014.11.28"]
[EventType "swiss"]
[EventRounds "10"]
[EventCountry "ESP"]
[SourceTitle "Ajedrez en Madrid"]
[Source "lmi"]
[SourceDate "2014.11.28"]

1. e4 c5 2. Nf3 e6 3. d4 cxd4 4. Nxd4 a6 5. Be3 Nf6 6. Nd2 d5 7. e5 Nfd7 8. f4
Nc6 9. Nxc6 bxc6 10. Nb3 c5 11. c4 d4 12. Bd2 a5 13. Qf3 Ra7 14. Bd3 a4 15. Nc1
Bb7 16. Be4 Qb8 17. Rb1 Be7 18. O-O O-O 19. b3 Qa8 20. Bxb7 Qxb7 21. Qg3 Qe4
22. Nd3 axb3 23. axb3 Ra2 24. Rbe1 Qf5 25. Rf2 Bh4 26. Qxh4 Qxd3 27. Ree2 Rfa8
28. h3 Qxb3 29. Qe7 R2a7 30. f5 Qxc4 31. Qg5 exf5 32. Qxf5 Qe6 33. Qe4 h6 34.
Rf3 Re8 35. Bf4 Ra2 36. Rxa2 Qxa2 37. Bxh6 Nxe5 38. Rg3 g6 39. Bf4 Qa1+ 40. Bc1
Qxc1+ 41. Kh2 Qf1 42. h4 f5 43. Qd5+ Kh8 44. Rxg6 Nxg6 45. Qc6 Qf4+ 46. g3 Re2+
0-1

[Event "Benidorm - Aficionados sub-2000 2014"]
[Site "Benidorm ESP"]
[Date "2014.11.29"]
[Round "2.6"]
[White "Hall, Rachid"]
[Black "Perez Gisbert, Santiago"]
[Result "0-1"]
[WhiteElo "1987"]
[BlackElo "1812"]
[PlyCount "60"]
[EventDate "2014.11.28"]
[EventType "swiss"]
[EventRounds "10"]
[EventCountry "ESP"]
[SourceTitle "Ajedrez en Madrid"]
[Source "lmi"]
[SourceDate "2014.11.28"]

1. Nf3 Nf6 2. b3 e6 3. Bb2 Be7 4. e3 b6 5. d4 Bb7 6. Bd3 O-O 7. Nbd2 d6 8. Qe2
Nbd7 9. c4 c5 10. Rd1 Qc7 11. Bb1 d5 12. O-O Ne4 13. Nxe4 dxe4 14. Nd2 f5 15.
f4 Rad8 16. g4 cxd4 17. exd4 Bd6 18. gxf5 exf5 19. Qe3 Nf6 20. Qg3 Nh5 21. Qh4
Nxf4 22. Rde1 Rf6 23. Re3 Rg6+ 24. Kf2 Rg4 25. Rh3 Rxh4 26. Rxh4 e3+ 27. Kg3
Ng6+ 28. Kh3 Nxh4 29. Kxh4 exd2 30. Bxf5 Qe7+ 0-1

[Event "Benidorm - Aficionados sub-2000 2014"]
[Site "Benidorm ESP"]
[Date "2014.11.29"]
[Round "2.7"]
[White "Alvarez Escudero, Manuel"]
[Black "Alvarez Morales, Miguel"]
[Result "0-1"]
[WhiteElo "1808"]
[BlackElo "1979"]
[PlyCount "137"]
[EventDate "2014.11.28"]
[EventType "swiss"]
[EventRounds "10"]
[EventCountry "ESP"]
[SourceTitle "Ajedrez en Madrid"]
[Source "lmi"]
[SourceDate "2014.11.28"]

1. e4 c5 2. Nf3 d6 3. b3 Nf6 4. Nc3 a6 5. Bb2 Bg4 6. h3 Bh5 7. Be2 e6 8. e5
dxe5 9. Nxe5 Bxe2 10. Qxe2 Qc7 11. O-O Bd6 12. Ng4 Nbd7 13. Rfe1 O-O-O 14. Rad1
Nxg4 15. Qxg4 Ne5 16. Qe2 Ng6 17. Ne4 Be5 18. Bxe5 Qxe5 19. Qe3 Rd5 20. c4 Rd4
21. g3 Rhd8 22. Kg2 b6 23. f4 Qc7 24. d3 h6 25. Qf3 Ne7 26. Nc3 Qc6 27. Re3
Qxf3+ 28. Rxf3 Nc6 29. Kf2 Nb4 30. Ke2 R4d7 31. Rd2 Nc6 32. Re3 Nd4+ 33. Kf2
Kc7 34. Ne2 Nf5 35. Rf3 b5 36. cxb5 axb5 37. g4 Nd6 38. Re3 b4 39. Rc2 Kb6 40.
d4 Nb7 41. dxc5+ Nxc5 42. Rc4 Na6 43. Ng3 Rd2+ 44. Re2 R8d3 45. h4 Rxe2+ 46.
Nxe2 Rd2 47. Kf3 Rxa2 48. Nd4 Rh2 49. Kg3 Rd2 50. g5 h5 51. g6 fxg6 52. Nxe6
Rd3+ 53. Kg2 Rxb3 54. Nd4 Rc3 55. Rxc3 bxc3 56. Kf3 Kc5 57. Ke4 Nb4 58. Nb3+
Kc4 59. Na5+ Kb5 60. Nb3 Ka4 61. Nc1 Ka3 62. f5 Kb2 63. Ne2 c2 64. fxg6 Nc6 65.
Ke3 Ne5 66. Kd2 Nf3+ 67. Ke3 Ng1 68. Nf4 c1=Q+ 69. Kd4 0-1

[Event "Benidorm - Aficionados sub-2000 2014"]
[Site "Benidorm ESP"]
[Date "2014.11.29"]
[Round "2.8"]
[White "Boj Marques, Javier"]
[Black "Lopez Valverde, Rafael"]
[Result "1-0"]
[WhiteElo "1978"]
[BlackElo "1810"]
[PlyCount "83"]
[EventDate "2014.11.28"]
[EventType "swiss"]
[EventRounds "10"]
[EventCountry "ESP"]
[SourceTitle "Ajedrez en Madrid"]
[Source "lmi"]
[SourceDate "2014.11.28"]

1. d4 Nf6 2. c4 e6 3. g3 Bb4+ 4. Bd2 Bxd2+ 5. Nxd2 d5 6. Bg2 c6 7. Ngf3 O-O 8.
O-O Re8 9. Ne5 Nbd7 10. Nxd7 Nxd7 11. e4 Qb6 12. exd5 exd5 13. cxd5 cxd5 14.
Bxd5 Qxd4 15. Nc4 Qxd1 16. Rfxd1 Nf6 17. Nd6 Rd8 18. Bxf7+ Kf8 19. Nxc8 Rdxc8
20. Bb3 Rc7 21. Kg2 b5 22. Rac1 Re7 23. Rd2 a5 24. Bd1 b4 25. Bf3 Raa7 26. Rc5
Ne4 27. Bxe4 Rxe4 28. Kf3 Re6 29. Rdd5 Rf6+ 30. Rf5 Rxf5+ 31. Rxf5+ Ke7 32. Ke3
Kd6 33. Kd3 Ke6 34. Rc5 Rd7+ 35. Kc2 Ra7 36. Kb3 Kd6 37. Rb5 Kc6 38. Ka4 b3 39.
Rxb3 Kc5 40. Rb5+ Kc4 41. Rxa5 Rd7 42. Ra8 1-0

[Event "Benidorm - Aficionados sub-2000 2014"]
[Site "Benidorm ESP"]
[Date "2014.11.29"]
[Round "2.9"]
[White "Buenafe Moya, Jesus"]
[Black "Sarto Ramos, Angel"]
[Result "1/2-1/2"]
[WhiteElo "1807"]
[BlackElo "1965"]
[PlyCount "117"]
[EventDate "2014.11.28"]
[EventType "swiss"]
[EventRounds "10"]
[EventCountry "ESP"]
[SourceTitle "Ajedrez en Madrid"]
[Source "lmi"]
[SourceDate "2014.11.28"]

1. d4 d5 2. Nf3 Nf6 3. Bf4 g6 4. h3 Bg7 5. e3 O-O 6. c4 c5 7. Nc3 cxd4 8. Nxd4
a6 9. Be2 Re8 10. Nb3 dxc4 11. Bxc4 Nc6 12. O-O b5 13. Qf3 Qb6 14. Nd5 Nxd5 15.
Bxd5 Bb7 16. Bxf7+ Kh8 17. Bxe8 Rxe8 18. Qe2 e5 19. Bg3 a5 20. Rac1 Nb4 21. a3
Na6 22. Rfd1 a4 23. Nd2 Nc5 24. Nf3 Nb3 25. Rc2 Be4 26. Rc3 Qb7 27. Rd6 Bxf3
28. gxf3 e4 29. Rcc6 exf3 30. Qxf3 Na5 31. Qd5 Nxc6 32. Rd7 Qc8 33. Qf7 Rg8 34.
Rc7 Qxh3 35. Rxc6 Qf5 36. Qxf5 gxf5 37. Rc5 Bxb2 38. Rxb5 f4 39. exf4 Bxa3 40.
Ra5 Bc1 41. Rxa4 Rf8 42. Kg2 h5 43. Kh3 Kh7 44. Rc4 Bd2 45. Rd4 Bc1 46. Kh4 Rf5
47. Rc4 Bd2 48. Rc2 Bxf4 49. Bxf4 Rxf4+ 50. Kxh5 Rf5+ 51. Kg4 Ra5 52. f4 Kg6
53. Rc6+ Kf7 54. Rb6 Rc5 55. Rh6 Kg7 56. Ra6 Kf7 57. f5 Rc1 58. f6 Kf8 59. Kg5
1/2-1/2

[Event "Benidorm - Aficionados sub-2000 2014"]
[Site "Benidorm ESP"]
[Date "2014.11.29"]
[Round "2.10"]
[White "Marti Blanes, Jose Manuel"]
[Black "Goodfellow, Russell Robert"]
[Result "1-0"]
[WhiteElo "1960"]
[BlackElo "1805"]
[PlyCount "53"]
[EventDate "2014.11.28"]
[EventType "swiss"]
[EventRounds "10"]
[EventCountry "ESP"]
[SourceTitle "Ajedrez en Madrid"]
[Source "lmi"]
[SourceDate "2014.11.28"]

1. d4 f5 2. e4 fxe4 3. Nc3 Nf6 4. Bg5 Nc6 5. d5 Ne5 6. Qd4 Nf7 7. h4 c6 8.
O-O-O Qa5 9. Bxf6 gxf6 10. Qxe4 cxd5 11. Rxd5 Bh6+ 12. Kb1 Qc7 13. Nh3 e6 14.
Rh5 Qc6 15. Qd4 Bg7 16. f3 Kf8 17. Bb5 f5 18. Qe3 Qc7 19. g4 Qe5 20. Qxe5 Bxe5
21. gxf5 exf5 22. f4 Bf6 23. Nd5 Bd8 24. Ng5 Bxg5 25. hxg5 Kg7 26. Bd3 d6 27.
Ne7 1-0

[Event "Benidorm - Aficionados sub-2000 2014"]
[Site "Benidorm ESP"]
[Date "2014.11.29"]
[Round "2.16"]
[White "Orti Boix, Miguel"]
[Black "Moya Mallafre, Erik"]
[Result "0-1"]
[WhiteElo "1796"]
[BlackElo "1947"]
[PlyCount "50"]
[EventDate "2014.11.28"]
[EventType "swiss"]
[EventRounds "10"]
[EventCountry "ESP"]
[SourceTitle "Ajedrez en Madrid"]
[Source "lmi"]
[SourceDate "2014.11.28"]

1. e4 d6 2. d4 Nf6 3. Nc3 c6 4. f4 Qa5 5. Bd2 e5 6. fxe5 dxe5 7. Nd5 Qd8 8.
Nxf6+ Qxf6 9. Qf3 exd4 10. Qxf6 gxf6 11. Nf3 c5 12. c3 dxc3 13. Bxc3 Bg7 14.
O-O-O O-O 15. Bd3 Be6 16. Kb1 Nc6 17. Rhf1 Nb4 18. Bxb4 cxb4 19. Nh4 Bg4 20.
Rc1 Rfd8 21. Bc4 Rd2 22. Rc2 Rxc2 23. Kxc2 Rc8 24. Kb3 Rxc4 25. Rf4 Be6 0-1

[Event "Benidorm - Aficionados sub-2000 2014"]
[Site "Benidorm ESP"]
[Date "2014.11.29"]
[Round "2.17"]
[White "Cardenas, Fernando Adrian"]
[Black "Garcia Martin, Juan Manuel"]
[Result "1-0"]
[WhiteElo "1947"]
[BlackElo "1790"]
[PlyCount "55"]
[EventDate "2014.11.28"]
[EventType "swiss"]
[EventRounds "10"]
[EventCountry "ESP"]
[SourceTitle "Ajedrez en Madrid"]
[Source "lmi"]
[SourceDate "2014.11.28"]

1. Nf3 Nf6 2. d4 d5 3. c4 g6 4. cxd5 Nxd5 5. g3 Bg7 6. Bg2 O-O 7. O-O c6 8. Nc3
Bf5 9. Nh4 Bg4 10. h3 Be6 11. e4 Nxc3 12. bxc3 Qc8 13. Kh2 c5 14. Be3 cxd4 15.
cxd4 Bd7 16. Rc1 Qd8 17. Qb3 b6 18. e5 Be6 19. d5 Bc8 20. d6 Na6 21. Bxa8 Bxh3
22. Bg2 Bxg2 23. Nxg2 exd6 24. exd6 Qxd6 25. Rfd1 Qe5 26. Rd5 Qe6 27. Nf4 Qe4
28. Qc4 1-0

[Event "Benidorm - Aficionados sub-2000 2014"]
[Site "Benidorm ESP"]
[Date "2014.11.29"]
[Round "2.18"]
[White "Amat Cerda, Andres"]
[Black "Blasco Marques, Salvador"]
[Result "0-1"]
[WhiteElo "1791"]
[BlackElo "1942"]
[PlyCount "44"]
[EventDate "2014.11.28"]
[EventType "swiss"]
[EventRounds "10"]
[EventCountry "ESP"]
[SourceTitle "Ajedrez en Madrid"]
[Source "lmi"]
[SourceDate "2014.11.28"]

1. e4 e5 2. Nc3 Nf6 3. f4 exf4 4. e5 Ng8 5. Nf3 d5 6. d4 g5 7. h4 g4 8. Bxf4
gxf3 9. Qxf3 Be6 10. Qe3 Ne7 11. Bd3 a6 12. Bg5 Nd7 13. O-O c5 14. Na4 cxd4 15.
Qxd4 Qc7 16. Bf6 Rg8 17. c4 dxc4 18. Bxh7 Rg4 19. Qc3 Nd5 20. Qd2 b5 21. Nc3
Bc5+ 22. Rf2 N5xf6 0-1

[Event "Benidorm - Aficionados sub-2000 2014"]
[Site "Benidorm ESP"]
[Date "2014.11.29"]
[Round "2.19"]
[White "Fichtinger, Leopold"]
[Black "Puig Carres, Josep"]
[Result "1-0"]
[WhiteElo "1941"]
[BlackElo "1789"]
[PlyCount "39"]
[EventDate "2014.11.28"]
[EventType "swiss"]
[EventRounds "10"]
[EventCountry "ESP"]
[SourceTitle "Ajedrez en Madrid"]
[Source "lmi"]
[SourceDate "2014.11.28"]

1. d4 d5 2. Nf3 Nc6 3. c4 dxc4 4. d5 Nb8 5. e4 Nf6 6. Nc3 e6 7. Bxc4 exd5 8.
exd5 Be7 9. O-O O-O 10. Re1 Bg4 11. Bg5 Nbd7 12. Qd4 Bxf3 13. gxf3 Nxd5 14.
Bxe7 Nxe7 15. Rad1 Nb6 16. Qc5 Ned5 17. Bxd5 Qg5+ 18. Kh1 Qf5 19. Qe3 c6 20.
Bb3 1-0

[Event "Benidorm - Aficionados sub-2000 2014"]
[Site "Benidorm ESP"]
[Date "2014.11.29"]
[Round "2.32"]
[White "Selva Salvador, Antonio"]
[Black "Romagosa Cerda, Ismael"]
[Result "1/2-1/2"]
[WhiteElo "1896"]
[BlackElo "1757"]
[PlyCount "53"]
[EventDate "2014.11.28"]
[EventType "swiss"]
[EventRounds "10"]
[EventCountry "ESP"]
[SourceTitle "Ajedrez en Madrid"]
[Source "lmi"]
[SourceDate "2014.11.28"]

1. d4 Nf6 2. Nf3 g6 3. Bf4 d6 4. h3 Bg7 5. Nc3 O-O 6. Qd2 Nbd7 7. Bh6 b6 8.
Bxg7 Kxg7 9. g4 Bb7 10. Bg2 e5 11. O-O-O Qe7 12. Rdg1 Bxf3 13. exf3 Rae8 14. h4
h5 15. g5 Ng8 16. Re1 Qd8 17. f4 exf4 18. Qxf4 f6 19. Bc6 Rxe1+ 20. Rxe1 fxg5
21. Qxg5 Qxg5+ 22. hxg5 Nb8 23. Bd5 Rxf2 24. Re8 Rf8 25. Re6 Rf5 26. Re8 Rf8
27. Re6 1/2-1/2

[Event "Benidorm - Aficionados sub-2000 2014"]
[Site "Benidorm ESP"]
[Date "2014.11.29"]
[Round "2.38"]
[White "Ventura Monfort, Javier"]
[Black "Blesa Fernandez, Francisco"]
[Result "0-1"]
[WhiteElo "1718"]
[BlackElo "1881"]
[PlyCount "46"]
[EventDate "2014.11.28"]
[EventType "swiss"]
[EventRounds "10"]
[EventCountry "ESP"]
[SourceTitle "Ajedrez en Madrid"]
[Source "lmi"]
[SourceDate "2014.11.28"]

1. d4 d5 2. c4 c6 3. Nc3 Nf6 4. Nf3 a6 5. c5 Nbd7 6. Bf4 Nh5 7. Bd2 Nhf6 8. Bf4
g6 9. h3 Bg7 10. e3 b6 11. Ne5 bxc5 12. dxc5 Nxc5 13. b4 Nfd7 14. bxc5 Nxe5 15.
Rc1 Qa5 16. Qa4 Nd3+ 17. Ke2 Nxc1+ 18. Kd1 Qxc5 19. Kxc1 Qxc3+ 20. Kd1 e5 21.
Bg5 Rb8 22. g4 e4 23. Bg2 Rb1+ 0-1

[Event "Benidorm - Aficionados sub-2000 2014"]
[Site "Benidorm ESP"]
[Date "2014.11.29"]
[Round "2.54"]
[White "Yavuz, Umit"]
[Black "Moragrega Herrero, Juan Jose"]
[Result "1/2-1/2"]
[WhiteElo "1511"]
[BlackElo "1836"]
[PlyCount "51"]
[EventDate "2014.11.28"]
[EventType "swiss"]
[EventRounds "10"]
[EventCountry "ESP"]
[SourceTitle "Ajedrez en Madrid"]
[Source "lmi"]
[SourceDate "2014.11.28"]

1. Nf3 d5 2. g3 c5 3. Bg2 Nc6 4. d3 e5 5. Nbd2 f5 6. O-O Nf6 7. c4 d4 8. Re1
Be7 9. h3 O-O 10. Nh2 Re8 11. a3 Bd6 12. e4 dxe3 13. fxe3 e4 14. Ndf1 Qc7 15.
g4 g6 16. dxe4 Nxe4 17. Bxe4 Rxe4 18. gxf5 Bxh2+ 19. Nxh2 Qg3+ 20. Kh1 Bxf5 21.
Qd5+ Kg7 22. Bd2 Rae8 23. Rg1 Qxh3 24. Raf1 Rh4 25. Rf2 Be6 26. Qg5 1/2-1/2

[Event "Benidorm - Aficionados sub-2000 2014"]
[Site "Benidorm ESP"]
[Date "2014.11.29"]
[Round "2.62"]
[White "Rodriguez Marcos, Jose R"]
[Black "Ramirez Mari, Antonio"]
[Result "1-0"]
[WhiteElo "1980"]
[BlackElo "1705"]
[PlyCount "55"]
[EventDate "2014.11.28"]
[EventType "swiss"]
[EventRounds "10"]
[EventCountry "ESP"]
[SourceTitle "Ajedrez en Madrid"]
[Source "lmi"]
[SourceDate "2014.11.28"]

1. d4 d5 2. c4 c6 3. Nc3 Nf6 4. Nf3 e6 5. e3 Nbd7 6. Bd3 Bd6 7. O-O O-O 8. e4
Nxe4 9. Nxe4 dxe4 10. Bxe4 Be7 11. Re1 Nf6 12. Bc2 b6 13. Qd3 Bb7 14. Ng5 g6
15. Qh3 Bc8 16. Qh6 Re8 17. Nf3 Bf8 18. Qh4 Be7 19. Bg5 Nd7 20. Bxe7 Qxe7 21.
Qxe7 Rxe7 22. d5 cxd5 23. cxd5 Bb7 24. Rad1 Ree8 25. Ba4 Red8 26. dxe6 Nc5 27.
Rxd8+ Rxd8 28. e7 1-0

[Event "Benidorm - Aficionados sub-2000 2014"]
[Site "Benidorm ESP"]
[Date "2014.11.29"]
[Round "2.64"]
[White "Amoros Moran, Jose Joaquin"]
[Black "Alfaro Pinero, Asier"]
[Result "1-0"]
[WhiteElo "1974"]
[BlackElo "1694"]
[PlyCount "61"]
[EventDate "2014.11.28"]
[EventType "swiss"]
[EventRounds "10"]
[EventCountry "ESP"]
[SourceTitle "Ajedrez en Madrid"]
[Source "lmi"]
[SourceDate "2014.11.28"]

1. e4 e6 2. d4 d5 3. e5 c5 4. c3 Qb6 5. Nf3 Nc6 6. a3 a5 7. b3 cxd4 8. cxd4
Nge7 9. Bd3 Bd7 10. Bb2 Ng6 11. Qd2 Be7 12. h4 Qxb3 13. g3 h6 14. h5 Nf8 15.
Nc3 Qb6 16. Ne2 Na7 17. Rb1 Bb5 18. Bc3 Qa6 19. Rxb5 Nxb5 20. a4 Qb6 21. Bxb5+
Nd7 22. O-O Qd8 23. Kg2 O-O 24. Qf4 Nb8 25. Qg4 Kh8 26. Nf4 Na6 27. Bd3 Qe8 28.
Rh1 Nc7 29. Bd2 Qxa4 30. Ng6+ fxg6 31. Qxg6 1-0

[Event "Benidorm - Aficionados sub-2000 2014"]
[Site "Benidorm ESP"]
[Date "2014.11.29"]
[Round "2.68"]
[White "Elfeturi, Melad"]
[Black "Gomez Manzano, Francisco Carlo"]
[Result "1-0"]
[WhiteElo "1937"]
[BlackElo "1665"]
[PlyCount "43"]
[EventDate "2014.11.28"]
[EventType "swiss"]
[EventRounds "10"]
[EventCountry "ESP"]
[SourceTitle "Ajedrez en Madrid"]
[Source "lmi"]
[SourceDate "2014.11.28"]

1. e4 c6 2. d4 d5 3. Nc3 dxe4 4. Nxe4 Bf5 5. Ng3 Bg6 6. h4 h5 7. Nf3 Nd7 8. Bd3
Bxd3 9. Qxd3 e6 10. Bf4 Ngf6 11. a3 Be7 12. O-O O-O 13. Ng5 g6 14. Rfe1 c5 15.
Rxe6 cxd4 16. b4 Kg7 17. Rae1 Re8 18. Qxd4 Rc8 19. Bd6 Nf8 20. Rxe7 Rxe7 21.
Rxe7 Rc6 22. Nxf7 1-0

[Event "Benidorm - Aficionados sub-2000 2014"]
[Site "Benidorm ESP"]
[Date "2014.11.29"]
[Round "2.69"]
[White "Manas Garcia-Mascaraque, Ramon"]
[Black "Garcia Gimenez, Santiago"]
[Result "1-0"]
[WhiteElo "1930"]
[BlackElo "1661"]
[PlyCount "48"]
[EventDate "2014.11.28"]
[EventType "swiss"]
[EventRounds "10"]
[EventCountry "ESP"]
[SourceTitle "Ajedrez en Madrid"]
[Source "lmi"]
[SourceDate "2014.11.28"]

1. d4 d5 2. Nf3 Nf6 3. Bf4 e6 4. e3 c5 5. c3 Nc6 6. Bd3 Be7 7. O-O O-O 8. h3 b6
9. Nbd2 Bb7 10. Re1 Nh5 11. Bh2 f5 12. Ne5 Nf6 13. Ndf3 Ne4 14. Nxc6 Bxc6 15.
Ne5 Bb7 16. Qe2 Qc8 17. Bb5 Bd6 18. Bd7 Qc7 19. Bxe6+ Kh8 20. Qh5 Bxe5 21. Bxe5
Qe7 22. Bxf5 Ng5 23. Bd3 Kg8 24. f3 Rf7 1-0

[Event "Benidorm - Aficionados sub-2000 2014"]
[Site "Benidorm ESP"]
[Date "2014.11.29"]
[Round "2.78"]
[White "Ayza Casamitjana, Antoni"]
[Black "Tyson, Terry"]
[Result "1-0"]
[WhiteElo "1886"]
[BlackElo "1608"]
[PlyCount "45"]
[EventDate "2014.11.28"]
[EventType "swiss"]
[EventRounds "10"]
[EventCountry "ESP"]
[SourceTitle "Ajedrez en Madrid"]
[Source "lmi"]
[SourceDate "2014.11.28"]

1. c4 e5 2. g3 g6 3. Bg2 Bg7 4. Nc3 d6 5. Nf3 Bf5 6. e4 Bg4 7. h3 Be6 8. O-O c6
9. d3 Ne7 10. Be3 f5 11. Ng5 Bd7 12. f4 O-O 13. Qb3 c5 14. Qxb7 Nbc6 15. Qb3
Rb8 16. Qc2 exf4 17. Bxf4 Ne5 18. Qd2 Bc8 19. Rfe1 N5c6 20. exf5 Nxf5 21. Bd5+
Kh8 22. Bxc6 Bd4+ 23. Kh2 1-0

[Event "Benidorm - Aficionados sub-2000 2014"]
[Site "Benidorm ESP"]
[Date "2014.11.29"]
[Round "2.85"]
[White "Tejedor Fuente, Marina"]
[Black "Gillespie, David Mcphail"]
[Result "1/2-1/2"]
[WhiteElo "1540"]
[BlackElo "1824"]
[PlyCount "46"]
[EventDate "2014.11.28"]
[EventType "swiss"]
[EventRounds "10"]
[EventCountry "ESP"]
[SourceTitle "Ajedrez en Madrid"]
[Source "lmi"]
[SourceDate "2014.11.28"]

1. e4 c5 2. Nc3 Nc6 3. g3 e6 4. Bg2 Nge7 5. d3 Nd4 6. Be3 Nec6 7. Qd2 a6 8. f4
Be7 9. Nge2 Qc7 10. O-O d6 11. Nd1 Bf6 12. c3 Nxe2+ 13. Qxe2 Bd7 14. Rc1 Rc8
15. Nf2 g6 16. Ng4 Bg7 17. f5 e5 18. fxg6 hxg6 19. Nf6+ Bxf6 20. Rxf6 Be6 21.
b3 Qd7 22. Rcf1 b5 23. Qf2 Ra8 1/2-1/2